000 01003nam a2200289Ia 4500
005 20220317001150.0
008 160825s2008 ck g 000 0 spa
020 _a97895804715012
100 1 _aTwain, Mark
_d1835-1910
245 1 0 _aCalabaza Wilson
_cMark Twain ; traducción de Eva Zímerman de Aguirre
250 _a2a. edición
300 _a193, 66 páginas (en paginación variada)
_c18 cm
490 _aCara y cruz
600 1 4 _aTwain, Mark
_d1835-1910
_xCrítica e interpretación
_967068
650 1 4 _2LEMB
_aNovela estadounidense
_xSiglo XX
650 1 4 _2LEMB
_aLiteratura estadounidense
_ySiglo XX
650 1 4 _2LEMB
_aNovela policíaca
650 1 4 _2LEMB
_aAsesinato en la literatura
700 1 _aZímerman de Aguirre, Eva
_919289
942 _2loc
_cBKLIT
264 _aBogotá
_bNorma
_c2008
336 _atexto
_btxt
_2rdacontent
337 _asin mediación
_bn
_2rdamedia
338 _avolumen
_bnc
_2rdacarrier
040 _aCO-BoRNBP
_bspa
_erda
_cCO-BoRNBP
084 _aN TWA1
999 _c6125
_d6125